Letteratura Italiana - Statistics

Statistiche generali
  • Questo quiz è stato fatto 324 volte
  • Il punteggio medio è 12 su 15
Statistiche sulle risposte
Domanda Risposta % Corretto
Chi è l'autore della commedia "La Locandiera"? Carlo Goldoni
95%
Qual è l'opera più famosa di Ludovico Ariosto? Orlando Furioso
95%
Quale tra queste NON è un'opera di Dante Alighieri? Il principe
94%
Di quale movimento letterario faceva parte Filippo Tommaso Marinetti? Futurismo
92%
Chi scrisse "La Gerusalemme Liberata"? Torquato Tasso
92%
Qual è il vizio che Zeno Cosini prova ad abbandonare nel romanzo de "La Coscienza di Zeno"? Il fumo
87%
La famosa espressione utilizzata da Manzoni per descrivere la sua revisione de "I promessi sposi" adattando la lingua al fiorentino parlato dai colti Sciacquare i panni in Arno
87%
Il protagonista de "Il Piacere" si chiama... Andrea Sperelli
83%
Chi ha scritto il romanzo "Gli indifferenti"? Alberto Moravia
81%
Chi è l'autore della poesia "X Agosto"? Giovanni Pascoli
81%
Chi furono i più grandi esponenti del Decadentismo italiano? Gabriele D'Annunzio e Giovanni Pascoli
73%
Il "Dolce Stil Novo" era un movimento letterario nato tra... Il Duecento e il Trecento
71%
In che anno è ambientata la Divina Commedia? 1300
66%
Quale tra questi NON è un libro di Elena Ferrante? La Malnata
34%
Quale tra queste è un'opera di Elsa Morante? Menzogna e Sortilegio
20%
Nessun quiz corrispondente trovato
Distribuzione punteggi
Percentuale di utenti per punteggio
Percentile per numero di risposta
I tuoi punteggi nel tempo
Non hai fatto questo quiz